Регионална библиотека "Любен Каравелов" - Русе

Разработки на клубовете за ТНТМ от Русенски окръг (Запис номер 447297)

MARC детайли
000 -Лидер
Контролно поле с фиксирана дължина 01222nam a2200253 a 4500
003 - Код на организацията, давaща контролен номер
Контролно поле BLK
005 - Дата и час на последна редакция
Контролно поле 20230727123340.0
008 - Елементи от данни с фиксирана дължина
fixed length control field 220307b bu ||||| ||||||0| | bu d
040 ## - Източник на каталожния запис
Идентификатор на билиотеката - собственик на записа BLK
041 ## - Код за език
Код за езика на текст/звукозапис или на отделно заглавие Български
Код за езика КДБФ Български
080 ## - УДК
УДК определител (497.215)(062)
Текстов определител УДК Техника. Технически науки
УДК код - определител по УДК 62
УДК - код + определител 62(497.215)(062)
139 ## - Редно поле
Редна дума Разработки на клубовете за ТНТМ от Русенски окръг
Авторски знак Разпо - Р 25
245 ## - Сведения за заглавието
Заглавие Разработки на клубовете за ТНТМ от Русенски окръг
Физически носител (вид на носителя) [Малотир. изд.]
260 ## - Област на издателските данни
9 (RLIN) 215328
Място на издаване, разпространение и проч. София
Име на издателя, разпространителя и проч. ЦИНТИ
Година на издаване 1983
300 ## - Физическа характеристика
Страници 102 с.
Размери/Мащаб 20Х10 см
380 ## - Жанр
Жанр Техника
500 ## - Общи забележки
Забележка Сб. съдържа данни за 102 разработки на младежки творчески колективи от Русенски окръг. - Изд. на Техническо и научно творчество на младежта - ХІІ преглед 1983 г.
653 #0 - Ключова дума – ненормативна
9 (RLIN) 454010
Ключова дума технически проекти
653 #0 - Ключова дума – ненормативна
9 (RLIN) 421478
Ключова дума научно-технически дружества
852 ## - Местоположение
Форматна сигнатура К 62/Р 25
Фондова буква Краезнание
999 ## - СИСТЕМНИ КОНТРОЛНИ НОМЕРА
Koha biblionumber 447297
Koha biblioitemnumber 447297
942 ## - АРТИКУЛИ
Вид на библиотечния материал Книги
Скрит в OPAC Не
Периодичен библиозапис Да
Koha issues (borrowed), all copies 1
944 ## - СЪЗДАВАНЕ И РЕДАКЦИЯ на ЗАПИСА
Създаване/Редакция Създаване
Дата на регистрацията/редакция 2022-03-07
Служител, извършил регистрацията/редакцията 30556
Статус, дата на статуса Теодора Пейчева-Дянкова
999 ## - СИСТЕМНИ КОНТРОЛНИ НОМЕРА
Koha biblioitemnumber 447297
Наличности
Код за отписване Код за изгубен артикул Източник на класификационната схема Код за повреда Коз за рестрикции Код за отдаване Артикулен № Име на библиотеката - собственик Име на библиотеката, в която се намира в момента Статус (Текущо местоположение) Дата на вписване в системата Местоположение - отдел Цена в лева Систематично азбучна сигнатура Баркод Цена в евро Служебен тип на артикула
  Не е изгубен Universal Decimal Classification Не е повреден само за читалня ползва се в читалня 874738 Регионална библиотека "Любен Каравелов" Русе Регионална библиотека "Любен Каравелов" Русе Краезнание 2022-03-10 Краезнание 2.00 К 62/Р 25 120000867786 1.02 Книги
Vip Innovations Ltd, Rousse, Bulgaria 2025